<?xml version="1.0" encoding="UTF-8"?><?xml-stylesheet type="text/xsl" href="static/style.xsl"?><OAI-PMH xmlns="http://www.openarchives.org/OAI/2.0/" xmlns:xsi="http://www.w3.org/2001/XMLSchema-instance" xsi:schemaLocation="http://www.openarchives.org/OAI/2.0/ http://www.openarchives.org/OAI/2.0/OAI-PMH.xsd"><responseDate>2026-04-17T01:20:26Z</responseDate><request verb="GetRecord" identifier="oai:www.recercat.cat:2099.1/23375" metadataPrefix="marc">https://recercat.cat/oai/request</request><GetRecord><record><header><identifier>oai:recercat.cat:2099.1/23375</identifier><datestamp>2025-07-23T06:58:44Z</datestamp><setSpec>com_2072_1033</setSpec><setSpec>col_2072_452951</setSpec></header><metadata><record xmlns="http://www.loc.gov/MARC21/slim" xmlns:dcterms="http://purl.org/dc/terms/" xmlns:xsi="http://www.w3.org/2001/XMLSchema-instance" xmlns:doc="http://www.lyncode.com/xoai" xsi:schemaLocation="http://www.loc.gov/MARC21/slim http://www.loc.gov/standards/marcxml/schema/MARC21slim.xsd">
   <leader>00925njm 22002777a 4500</leader>
   <datafield ind2=" " ind1=" " tag="042">
      <subfield code="a">dc</subfield>
   </datafield>
   <datafield ind2=" " ind1=" " tag="720">
      <subfield code="a">Gómez Caballero, Isaac</subfield>
      <subfield code="e">author</subfield>
   </datafield>
   <datafield ind2=" " ind1=" " tag="260">
      <subfield code="c">2014-07</subfield>
   </datafield>
   <datafield ind2=" " ind1=" " tag="520">
      <subfield code="a">Se trata de un trabajo de final de grado directamente relacionado con el mundo del airsoft y&#xd;
los usuarios que lo practican. Consiste en mejorar tanto interna como externamente un rifle de&#xd;
precisión, también llamado de largo alcance, para obtener, mayor potencia y precisión de&#xd;
disparo, sin olvidar una óptima fusión de la morfología del rifle y la antropometría del usuario,&#xd;
creando un extenso estudio de ergonomía.&#xd;
No solamente se trata de una propuesta de diseño y estudio de ingeniería, sino que durante el&#xd;
desarrollo del proyecto se dispone del objeto real y de los componentes necesarios para&#xd;
elaborar el producto final.&#xd;
Es un trabajo en el que se demuestra la motivación y pasión por este juego/deporte, ya que se&#xd;
innova al importar desde Polonia el componente estrella, llamado Kit Mancraft, siendo esta la&#xd;
primera vez que será montado en España. Este producto supone un reto, ya que puede llegar a&#xd;
causar fallos inesperados que implicarían soluciones rápidas y certeras con el propósito de&#xd;
obtener el mayor resultado en cuanto a compresión y potencia aportada por el producto en&#xd;
cuestión.</subfield>
   </datafield>
   <datafield tag="653" ind2=" " ind1=" ">
      <subfield code="a">Àrees temàtiques de la UPC::Enginyeria mecànica::Fabricació::Disseny i càlcul de màquines</subfield>
   </datafield>
   <datafield tag="653" ind2=" " ind1=" ">
      <subfield code="a">Air guns</subfield>
   </datafield>
   <datafield tag="653" ind2=" " ind1=" ">
      <subfield code="a">Ergonomía</subfield>
   </datafield>
   <datafield tag="653" ind2=" " ind1=" ">
      <subfield code="a">Tokyo Marui</subfield>
   </datafield>
   <datafield tag="653" ind2=" " ind1=" ">
      <subfield code="a">VSR</subfield>
   </datafield>
   <datafield tag="653" ind2=" " ind1=" ">
      <subfield code="a">Mancraft</subfield>
   </datafield>
   <datafield tag="653" ind2=" " ind1=" ">
      <subfield code="a">Antropometría</subfield>
   </datafield>
   <datafield tag="653" ind2=" " ind1=" ">
      <subfield code="a">Morfología</subfield>
   </datafield>
   <datafield tag="653" ind2=" " ind1=" ">
      <subfield code="a">Diseño</subfield>
   </datafield>
   <datafield tag="653" ind2=" " ind1=" ">
      <subfield code="a">Silenciador</subfield>
   </datafield>
   <datafield tag="653" ind2=" " ind1=" ">
      <subfield code="a">Airsoft</subfield>
   </datafield>
   <datafield tag="653" ind2=" " ind1=" ">
      <subfield code="a">Réplica</subfield>
   </datafield>
   <datafield tag="653" ind2=" " ind1=" ">
      <subfield code="a">Armes</subfield>
   </datafield>
   <datafield ind2="0" ind1="0" tag="245">
      <subfield code="a">Estudio y análisis de las mejoras posibles en un rifle de precisión para prácticas lúdicas de airsoft</subfield>
   </datafield>
</record></metadata></record></GetRecord></OAI-PMH>